000 00563nam a2200241Ia 4500
003 OSt
005 20231108124353.0
008 210327s9999||||xx |||||||||||||| ||und||
040 _cSTCPL
041 _aENG
082 _a514
_bSZE-E
100 _aHu, Sze-Tsen
245 0 _aElements of general topology /
_cby Sze-Tsen Hu
260 _aSan Francisco :
_bHolden Day ,
_c1965 .
300 _a214 p.
_bHB
650 _aMathematics
650 _aSpaces and maps
650 _aSets
650 _aFunctions
942 _cBK
942 _2ddc
942 _2ddc
999 _c14775
_d14775